000 01381nam0a22003131 4500
001 rc\4899487
005 20130426152826.6
021 _aRU
_bРг4252-65
035 _a(NLR Aleph) 008833222
090 _a8295762
_c8295762
100 _a20130426d1965 |||y0rusy50 ca
101 0 _arus
102 _aRU
105 _ay b |||||
200 1 _aИнструкция по отбору статей сельскохозяйственной тематики их журналов и сборников для каталогов ЦНСХБ
210 _aМосква
_cБ. и.
_d1965
215 _a20 с.
_d27
225 1 _aЦентральная научная сельскохозяйственная библиотека ВАСХНИЛ. Отдел обработки. Методические материалы
300 _aНа обороте тит. л. сост.: Бродская В.С., Ладейщикова Н.П., Негина Г.Ф. [и др.]
300 _aОтпеч. множит. аппаратом
702 1 _aЛадейщикова
_bН. П.
_4220
702 1 _aНегина
_bГ. Ф.
_4220
702 1 _aБродская
_bВ. С.
_4220
710 0 2 _aЦентральная науч. с.-х. б-ка
_cМосква
_3RU\NLR\AUTH\8814932
801 0 _aRU
_bNLR
_gpsbo
801 1 _aRU
_bELAR
_2rusmarc
852 _aNLR
_jБ 7380/И-724
942 _cBOOK
980 _aNB